Zadlžené Košice sú stále bez rozpočtu

Košická samospráva stále neprijala rozpočet na r. 2003. Fungovanie v provizóriu sa nepáči veriteľským bankám, s ktorými Košice spolupracujú pri ozdravení mestských financií. Spory o rozpočet medzi primátorom a mestskými poslancami. Otázka obligácií. Spor Košice verzus AGW.

Salvato in:
Dettagli Bibliografici
Autore principale: Hirman, Karel
Altri autori: Sobinkovič, Branislav
Natura: Capitolo di libro
Lingua:slovacco
Soggetti:
Tags: Aggiungi Tag
Nessun Tag, puoi essere il primo ad aggiungerne!!

MARC

LEADER 00000naa a2200000 4500
001 r048227
005 20230921114629.7
041 0 |a slo 
044 |a SK 
245 1 0 |a Zadlžené Košice sú stále bez rozpočtu  |c Karel Hirman, Branislav Sobinkovič 
520 |a Košická samospráva stále neprijala rozpočet na r. 2003. Fungovanie v provizóriu sa nepáči veriteľským bankám, s ktorými Košice spolupracujú pri ozdravení mestských financií. Spory o rozpočet medzi primátorom a mestskými poslancami. Otázka obligácií. Spor Košice verzus AGW. 
610 2 0 |a samospráva miestna 
610 2 0 |a rozpočet miestny 
610 2 0 |a provizórium rozpočtové 
610 2 0 |a dlhy miestne 
610 2 0 |a banky 
610 2 0 |a obligácie 
610 2 0 |a Košice 
100 1 |a Hirman, Karel 
700 1 |a Sobinkovič, Branislav